00628nam a2200169Ia 4500008004100000020001800041082002400059100001700083245010100100250000600201260002500207300001100232440006800243650003200311952009800343999001700441120622s9999 xx 000 0 und d a968-476-150-3 a340.1 B582 v.1 1996 aKlug, Ulrich aProblemas de la filosofía y de la pragmática del derecho / Ulrich Klug ; tr. Jorge M. Seña a2 aMéxico : Fontamara a200 p. aBiblioteca de ética, filosofía del derecho y política ; 1 a1. FILOSOFIA DEL DERECHOÌ 00104070a01b01d2007-01-25l0o340.1 B582 V.1 1996p01 005743r2012-06-24w2012-06-24yLB c55968d55968